| 000 | 00827cam a2200253 a 4500 | ||
|---|---|---|---|
| 001 | 11816928 | ||
| 005 | 20171221092622.0 | ||
| 008 | 991021s2000 cou b 001 0 eng | ||
| 010 | _a 99075490 | ||
| 020 | _a0891082751 | ||
| 040 |
_aDLC _cDLC _dDLC |
||
| 041 | _aeng | ||
| 042 | _apcc | ||
| 043 | _an-us--- | ||
| 080 | _a344.730791 RUT | ||
| 082 | 0 | 0 |
_a344.730791 RUT _221 |
| 100 | 1 | _a46 | |
| 101 | _aEDU | ||
| 245 | 1 | 0 |
_aFree appropriate public education : _cH. Rutherford Turnbull III, Ann P. Turnbull ; with Matt Stowe and Brennan L. Wilcox. |
| 504 | _aIncludes bibliographical references and index. | ||
| 906 |
_a7 _bcbc _corignew _d2 _eopcn _f19 _gy-gencatlg |
||
| 942 |
_2ddc _cBK |
||
| 999 |
_c39299 _d39299 |
||